| 000 | nam a22 4500 | ||
|---|---|---|---|
| 999 |
_c9176 _d9176 |
||
| 008 | 180416b ||||| |||| 00| 0 eng d | ||
| 245 |
_aState of calamity: _bMore areas now flooded in Maguindanao |
||
| 260 |
_aDavao City _bSun Star Davao _cc2017 |
||
| 300 | _apage 8. | ||
| 650 | 0 |
_927388 _aNatural disaster. |
|
| 942 |
_2ddc _cPER |
||